Návrh sledovania vplyvu rôznych generácií zamestnancov na udržateľnú výkonnosť v podniku

Salvato in:
Dettagli Bibliografici
Autore principale: Cingel, Miroslav (Autore)
Altri autori: Mrvová, Ľubica (Relatore della tesi)
Natura: Manoscritto Libro
Lingua:slovacco
Pubblicazione: 2018
Soggetti:
Accesso online:http://is.stuba.sk/zp/portal_zp.pl?podrobnosti=138849
Tags: Aggiungi Tag
Nessun Tag, puoi essere il primo ad aggiungerne!!

MARC

LEADER 00000ntm a22000003a 4500
001 stuzp67704
003 SK-STU
005 20180820155029.5
007 ta
008 150427s2015----xo-----f-mn---000-0-slo-d
040 |a STU  |b slo 
041 0 |a slo 
100 1 |a Cingel, Miroslav  |u 064000  |4 aut  |U MTF Materiálovotechnologická fakulta  |T MTF Ústav priemyselného inžinierstva a manažmentu  |X 71784  |U M4000  |Y 84  |7 71784 
242 0 1 |a Proposal to monitor the impact of different generations of employees on sustainable performance in the selected business  |y eng 
245 1 0 |a Návrh sledovania vplyvu rôznych generácií zamestnancov na udržateľnú výkonnosť v podniku 
260 |c 2018 
650 4 |a udržateľná výkonnosť  |2 slo 
650 4 |a vekový manažment  |2 slo 
650 4 |a výkonnosť podniku  |2 slo 
650 4 |a sustainable performance  |2 eng 
650 4 |a age management  |2 eng 
650 4 |a bussiness performance  |2 eng 
700 1 |a Mrvová, Ľubica  |u 064000  |k Z1  |4 ths  |U MTF Materiálovotechnologická fakulta  |T MTF Ústav priemyselného inžinierstva a manažmentu  |X 1484  |U M4000  |Y 84  |7 A000001484 
856 4 |u http://is.stuba.sk/zp/portal_zp.pl?podrobnosti=138849 
996 |c M* DP-13714  |l MMSKP  |s P  |a 0  |w stuzp67704_0001